000
00265nam a22001097a 4500
999
_c
12888
_d
12888
020
_a
9788122433661
082
_a
540
100
_a
Rakesh Saini
245
_a
A Text Book of Community Pharmacy
260
_a
India
_b
New Age International Publishers
_c
2012
942
_c
BK